Seeley's Principles of Anatomy & Physiology / (Record no. 16762)
[ view plain ]
| 000 -LEADER | |
|---|---|
| fixed length control field | 00778cam a2200253 a 4500 |
| 001 - CONTROL NUMBER | |
| control field | 16401079 |
| 005 - DATE AND TIME OF LATEST TRANSACTION | |
| control field | 20130213134218.0 |
| 008 - FIXED-LENGTH DATA ELEMENTS--GENERAL INFORMATION | |
| fixed length control field | 100812s2012 nyua 001 0 eng |
| 020 ## - INTERNATIONAL STANDARD BOOK NUMBER | |
| International Standard Book Number | 0071316744 |
| 020 ## - INTERNATIONAL STANDARD BOOK NUMBER | |
| International Standard Book Number | 9780071316743 |
| 082 00 - DEWEY DECIMAL CLASSIFICATION NUMBER | |
| Classification number | 612 |
| Edition number | 22 |
| Item number | TAT |
| 100 1# - MAIN ENTRY--PERSONAL NAME | |
| Personal name | Tate, Philip. |
| 9 (RLIN) | 30103 |
| 245 10 - TITLE STATEMENT | |
| Title | Seeley's Principles of Anatomy & Physiology / |
| Statement of responsibility, etc | Phillip Tate. |
| 246 3# - VARYING FORM OF TITLE | |
| Title proper/short title | Seeley's principles of anatomy and physiology |
| 250 ## - EDITION STATEMENT | |
| Edition statement | 2nd ed. |
| 260 ## - PUBLICATION, DISTRIBUTION, ETC. (IMPRINT) | |
| Place of publication, distribution, etc | New York : |
| Name of publisher, distributor, etc | McGraw-Hill, |
| Date of publication, distribution, etc | c2012. |
| 300 ## - PHYSICAL DESCRIPTION | |
| Extent | xvi, 845, [99] p. : |
| Other physical details | ill. (some col.) ; |
| Dimensions | 29 cm. |
| 500 ## - GENERAL NOTE | |
| General note | Includes index. |
| 541 ## - IMMEDIATE SOURCE OF ACQUISITION NOTE | |
| Source of acquisition | Donation from Baccah |
| 650 #0 - SUBJECT ADDED ENTRY--TOPICAL TERM | |
| Topical term or geographic name as entry element | Human physiology. |
| 9 (RLIN) | 30104 |
| 650 #0 - SUBJECT ADDED ENTRY--TOPICAL TERM | |
| Topical term or geographic name as entry element | Human anatomy. |
| 9 (RLIN) | 30105 |
| 653 ## - INDEX TERM--UNCONTROLLED | |
| Resource For college | |
| Arrived date list | June2012 |
| -- | February2013 |
| 942 ## - ADDED ENTRY ELEMENTS (KOHA) | |
| Source of classification or shelving scheme | Dewey Decimal Classification |
| Item type | Book - Borrowing |
| Withdrawn status | Item status | Source of classification or shelving scheme | Damaged status | Not for loan | Vendor | Home library | Current library | Shelving location | Date acquired | Source of acquisition | Cost, normal purchase price | Serial Enumeration / chronology | Total Checkouts | Total Renewals | Full call number | Barcode | Date last seen | Date last borrowed | Koha item type | Checked out |
|---|---|---|---|---|---|---|---|---|---|---|---|---|---|---|---|---|---|---|---|---|
| Dewey Decimal Classification | Donation-Gift | Central Library | Central Library | First floor | 13/06/2012 | 476.00 | 15289 | 5 | 26 | 612 TAT | 000026814 | 15/07/2025 | 27/02/2017 | Book - Borrowing | ||||||
| Dewey Decimal Classification | Donation-Gift | Central Library | Central Library | First floor | 13/06/2012 | 476.00 | 15289 | 10 | 59 | 612 TAT | 000026815 | 15/07/2025 | 21/02/2017 | Book - Borrowing | ||||||
| Dewey Decimal Classification | Baccah | Central Library | Central Library | First floor | 13/02/2013 | 476.00 | 612 TAT | 000028218 | 15/07/2025 | NB - Book (Non borrowing) | ||||||||||
| Dewey Decimal Classification | Baccah | Central Library | Central Library | First floor | 13/02/2013 | 476.00 | 6 | 32 | 612 TAT | 000028219 | 15/07/2025 | 10/02/2025 | Book - Borrowing | |||||||
| Dewey Decimal Classification | Baccah | Central Library | Central Library | First floor | 13/02/2013 | 476.00 | 4 | 55 | 612 TAT | 000028220 | 15/07/2025 | 14/02/2018 | Book - Borrowing | |||||||
| Dewey Decimal Classification | Baccah | Central Library | Central Library | First floor | 13/02/2013 | 476.00 | 1 | 1 | 612 TAT | 000028221 | 03/09/2013 | 03/09/2013 | Book - Borrowing | 15/03/2016 | ||||||
| Dewey Decimal Classification | Baccah | Central Library | Central Library | First floor | 13/02/2013 | 476.00 | 6 | 70 | 612 TAT | 000028222 | 15/07/2025 | 12/12/2020 | Book - Borrowing | |||||||
| Dewey Decimal Classification | Baccah | Central Library | Central Library | First floor | 13/02/2013 | 476.00 | 7 | 39 | 612 TAT | 000028223 | 15/07/2025 | 03/12/2024 | Book - Borrowing | |||||||
| Dewey Decimal Classification | Baccah | Central Library | Central Library | First floor | 13/02/2013 | 476.00 | 8 | 17 | 612 TAT | 000028224 | 15/07/2025 | 13/02/2025 | Book - Borrowing | |||||||
| Dewey Decimal Classification | Baccah | Central Library | Central Library | First floor | 13/02/2013 | 476.00 | 2 | 25 | 612 TAT | 000028225 | 15/07/2025 | 07/04/2021 | Book - Borrowing |